Online
Catalog

La reforma constitucional : (Record no. 3867)

MARC details
000 -CABECERA
campo de control de longitud fija 00872nam a2200217 a 4500
001 - NÚMERO DE CONTROL
campo de control 000004048
005 - FECHA Y HORA DE LA ÚLTIMA TRANSACCIÓN
campo de control 20200929150700.0
008 - DATOS DE LONGITUD FIJA--INFORMACIÓN GENERAL
campo de control de longitud fija 090716s2007 dr 000 0 spa d
020 ## - NÚMERO INTERNACIONAL ESTÁNDAR DEL LIBRO
Número Internacional Estándar del Libro 9789945405743
040 ## - FUENTE DE LA CATALOGACIÓN
Centro catalogador/agencia de origen DO-SdBNP
Lengua de catalogación spa
Centro/agencia transcriptor BNPHU
082 ## - NÚMERO DE LA CLASIFICACIÓN DECIMAL DEWEY
Número de clasificación 342.729303
Número de documento/Ítem C831r
100 1# - ENTRADA PRINCIPAL--NOMBRE DE PERSONA
Nombre de persona Cortorreal, Eustacia
9 (RLIN) 12083
245 10 - MENCIÓN DE TÍTULO
Título La reforma constitucional :
Resto del título propuesta a la luz del Estado de derecho social y la democracia participativa /
Mención de responsabilidad, etc. Eustacia Cartorreal.
260 ## - PUBLICACIÓN, DISTRIBUCIÓN, ETC.
Lugar de publicación, distribución, etc. Santo Domingo :
Nombre del editor, distribuidor, etc. Instituto de Investigación y Documentación de la Isla de Quisqueya,
Fecha de publicación, distribución, etc. 2007.
300 ## - DESCRIPCIÓN FÍSICA
Extensión 164 p. ;
Dimensiones 21 cm.
590 ## - NOTA LOCAL (RLIN)
Nota local Inventariado, 2018/ YL
504 ## - NOTA DE BIBLIOGRAFÍA, ETC.
Nota de bibliografía, etc. Bibliografía: p. 157
650 #4 - PUNTO DE ACCESO ADICIONAL DE MATERIA--TÉRMINO DE MATERIA
Término de materia o nombre geográfico como elemento de entrada Reformas constitucionales
Subdivisión geográfica República Dominicana
9 (RLIN) 8313
651 #4 - PUNTO DE ACCESO ADICIONAL DE MATERIA--NOMBRE GEOGRÁFICO
Nombre geográfico República Dominicana
Subdivisión general Derecho Constitucional
-- Reformas
9 (RLIN) 12084
910 ## - DATOS DE OPCIÓN DEL USUARIO (OCLC)
Datos de opción del usuario Validado. Control de calidad MMOLINA
Holdings
Estado de retiro Estado de pérdida Restricciones de uso No para préstamo Código de colección Localización permanente Ubicación/localización actual Ubicación en estantería Fecha de adquisición Número de inventario Total de préstamos Signatura topográfica completa Código de barras Fecha visto por última vez Número de copia Precio válido a partir de Tipo de ítem Koha
    Préstamo interno   Dominicana de Servicio General General Depósito 02.09.2009 LF1   342.729303 C831r 4048-30 25.06.2020 e. 3 25.06.2020 Libro y Folleto Colección Dominicana de Servicio
    Préstamo interno   Dominicana de Servicio General General Depósito 01.02.2010 LF1   342.729303 C831r 4048-40 25.06.2020 e. 4 25.06.2020 Libro y Folleto Colección Dominicana de Servicio
    Préstamo interno   Dominicana de Servicio General General Depósito 01.02.2010 LF1   342.729303 C831r 4048-50 25.06.2020 e. 5 25.06.2020 Libro y Folleto Colección Dominicana de Servicio
      Excluido de préstamo Patrimonio Dominicano Patrimonio Dominicano Patrimonio Dominicano Depósito 16.07.2009 LF1   342.7293 C831r 4048-10 25.06.2020   25.06.2020 Libro y Folleto Colección Patrimonio Dominicano
      Excluido de préstamo Patrimonio Dominicano Patrimonio Dominicano Patrimonio Dominicano Depósito 02.09.2009 LF1   342.7293 C831r 4048-20 25.06.2020 e. 2 25.06.2020 Libro y Folleto Colección Patrimonio Dominicano

Powered by Koha